| 000 | 00000nam##2200000za#4500 |
| 001 | 9.625888 |
| 003 | CaOODSP |
| 005 | 20200421163423 |
| 007 | ta |
| 008 | 150406|2001||||xxc||||| f|0| 0 fre|d |
| 020 | |a0-662-86796-3 |
| 040 | |aCaOODSP|bfre |
| 043 | |an-cn--- |
| 086 | 1 |aNH18-23/89F |
| 110 | 2 |aSociété canadienne d'hypothèques et de logement. |
| 245 | 10|aGuide d'élaboration d'une stratégie relative au logement abordable dans les municipalités |
| 260 | |aOttawa - Ontario : |bSociété canadienne d'hypothèques et de logement |c2001. |
| 300 | |a4p. ; |c28 cm. |
| 490 | 1 |aLe point en recherche. Série socio-économique |v89 |
| 563 | |aDépliant |
| 590 | |a02-08|b2002-02-22 |
| 691 | 07|aLogement|2gcpds |
| 691 | 07|aStratégie|2gcpds |
| 775 | 08|tA guide to developing a municipal affordable housing strategy |w(CaOODSP)9.615908 |
| 776 | 0#|tGuide d'élaboration d'une stratégie relative au logement abordable dans les municipalités |w(CaOODSP)9.602196 |
| 830 | #0|aLe point en recherche. Série socio-économique ;|v89|w(CaOODSP)9.513180 |
| 986 | |a62511 |